| 000 | 00655cam a2200217 a 4500 | ||
|---|---|---|---|
| 001 | 000009628 | ||
| 005 | 20200929161640.0 | ||
| 008 | 770614s1971 ag a 001 d spa d | ||
| 040 |
_aDO-SdBNP _cNmU _dDLC |
||
| 082 |
_aA862.44 _bP861s |
||
| 100 | 1 |
_aPotenze, Jaime. _924482 |
|
| 245 | 1 | 0 |
_aSi sí, sí; si no, no / _cJaime Potenze. |
| 260 |
_aBuenos Aires, (Argentina) : _bTalía, _c1971. |
||
| 300 |
_a47 p. : _bil. ; _c18 cm. |
||
| 490 | 1 |
_aArgentina de Teatro _v82 |
|
| 650 | 4 |
_aTeatro argentino _94843 |
|
| 650 | 4 |
_aLiteratura argentina _93860 |
|
| 830 | 0 |
_aArgentina de Teatro ; _v82 _924483 |
|
| 910 | _aCatalogación por copia / LC | ||
| 049 | _aBNGR | ||
| 999 |
_c9388 _d9388 |
||